书目信息 |
| 题名: |
JSP程序设计实训与案例教程
|
|
| 作者: | 邱仲潘 , 张星成 编著 | |
| 分册: | ||
| 出版信息: | 北京 清华大学出版社 2014 |
|
| 页数: | 221页 | |
| 开本: | 26cm | |
| 丛书名: | ||
| 单 册: | ||
| 中图分类: | TP393.092.2 , TP312JA , TP312 | |
| 科图分类: | ||
| 主题词: | JAVA语言--网页制作工具--高等教育--教材 , JAVA语言 , 网页制作工具 | |
| 电子资源: | ||
| ISBN: | 978-7-302-34819-1 | |
| 000 | 01069nam0 2200289 450 | |
| 001 | 140875 | |
| 005 | 20140929162030.15 | |
| 010 | @a978-7-302-34819-1@dCNY 26.00 | |
| 100 | @a20140220d2014 em y0chiy50 ea | |
| 101 | 0 | @achi |
| 102 | @aCN@b110000 | |
| 105 | @ay z 000yy | |
| 200 | 1 | @aJSP程序设计实训与案例教程@AJSP cheng xu she ji shi xun yu an li jiao cheng@b专著@f邱仲潘,张星成编著 |
| 210 | @a北京@c清华大学出版社@d2014 | |
| 215 | @a221页@d26cm | |
| 300 | @a普通高等教育“十一五”国家级规划教材 计算机系列教材 | |
| 330 | @a本书先介绍了JSP简介、JSP开发基础和JSP语法;接着介绍了JSP内置对象、JSP与JavaBean、JSP与XML、JSP中的文件操作、JSP访问数据库和JSP高级程序设计;最后为了巩固所学知识,增加了JSP综合复习题。 | |
| 606 | 0 | @aJAVA语言@x网页制作工具@x高等教育@j教材 |
| 606 | 0 | @aJAVA语言 |
| 606 | 0 | @a网页制作工具 |
| 690 | @aTP393.092.2@v5 | |
| 690 | @aTP312JA@v5 | |
| 690 | @aTP312@v4 | |
| 701 | 0 | @a邱仲潘@Aqiu zhong pan@c(计算机)@4编著 |
| 701 | 0 | @a张星成@Azhang xing cheng@4编著 |
| 801 | 0 | @aCN@bZL@c20140929 |
| 905 | @a241430@dTP312@eQ7401 | |
| JSP程序设计实训与案例教程/邱仲潘,张星成编著.-北京:清华大学出版社,2014 |
| 221页;26cm |
| 普通高等教育“十一五”国家级规划教材 计算机系列教材 |
| ISBN 978-7-302-34819-1:CNY 26.00 |
| 本书先介绍了JSP简介、JSP开发基础和JSP语法;接着介绍了JSP内置对象、JSP与JavaBean、JSP与XML、JSP中的文件操作、JSP访问数据库和JSP高级程序设计;最后为了巩固所学知识,增加了JSP综合复习题。 |
| ● |
| 相关链接 |
|
|
|
正题名:JSP程序设计实训与案例教程
索取号:TP312/Q7401
 
预约/预借
| 序号 | 登录号 | 条形码 | 馆藏地/架位号 | 状态 | 备注 |
| 1 | 0836382 | 208363821 | 自科库301/301自科库 52排6列3层/ [索取号:TP312/Q7401] | 在馆 | |
| 2 | 0836383 | 208363830 | 自科二线404/404自科库 18排2列2层/ [索取号:TP312/Q7401] | 在馆 | |
| 3 | 0836384 | 208363849 | 自科库301/301自科库 52排6列3层/ [索取号:TP312/Q7401] | 在馆 |